| 000 -LEADER |
| fixed length control field |
00508nam a22001457a 4500 |
| 008 - FIXED-LENGTH DATA ELEMENTS--GENERAL INFORMATION |
| fixed length control field |
250204b ||||| |||| 00| 0 eng d |
| 020 ## - INTERNATIONAL STANDARD BOOK NUMBER |
| International Standard Book Number |
9781509845989 |
| 082 ## - DEWEY DECIMAL CLASSIFICATION NUMBER |
| Classification number |
823.92 |
| 100 ## - MAIN ENTRY--PERSONAL NAME |
| Personal name |
ROWLAND,LUCY |
| Relator term |
AUTHOR |
| Language of a work |
ENGLISH |
| 245 ## - TITLE STATEMENT |
| Title |
DRACULA SPECTACULAR |
| 260 ## - PUBLICATION, DISTRIBUTION, ETC. |
| Name of publisher, distributor, etc. |
MACMILLAN |
| 300 ## - PHYSICAL DESCRIPTION |
| Extent |
17CM |
| Other physical details |
COLOUR ILLUSTRATION |
| 500 ## - GENERAL NOTE |
| General note |
FULL OF SPOOKS AND SPARKLES,THIS SPECTACULAR BOOK SHOWS THAT WITH GOOD FRIENDS AND A SPRINKLING OF RAINBOW MAGIC,ANYTHING CAN HAPPEN! |
| 942 ## - ADDED ENTRY ELEMENTS (KOHA) |
| Source of classification or shelving scheme |
|
| Classification part |
823.92 |